| 000 | 01111 a2200229 4500 | ||
|---|---|---|---|
| 003 | Nust | ||
| 005 | 20170207154054.0 | ||
| 010 | _a 2009019169 | ||
| 020 | _a0470455837 (cloth) | ||
| 020 | _a9780470455838 (cloth) | ||
| 035 | _a(OCoLC)ocn286484123 | ||
| 040 | _cNust | ||
| 082 | 0 | 0 | _a658.404 |
| 100 | 1 | _aPadgett, Clinton M., | |
| 245 | 1 | 4 |
_aThe project success method (E-BOOK) _ba proven approach for achieving superior project performance in as little as 5 days / _cClinton M. Padgett. |
| 260 |
_aHoboken, N.J. : _bWiley, _cc2009. |
||
| 300 |
_axi, 244 p. : _bill. ; _c24 cm. |
||
| 500 | _aIncludes index. | ||
| 505 | 0 | _aThe easier way -- Master the method -- Shift the worry curve -- Build a real project team -- Charter for clarity, consensus, and commitment -- Break it down and divvy it up -- Network for success -- Try to be normal -- Figure out what's critical -- Compress for profit -- Monitor, correct, and update -- Build a system for project success -- Overcome the objections -- Apply the power of project success. | |
| 650 | 0 | _aProject management. | |
| 651 | _aThe project success method (E-BOOK) | ||
| 942 |
_2ddc _cBK |
||
| 999 |
_c193245 _d193245 |
||